| 000 | 00655nam a22001337a 4500 | ||
|---|---|---|---|
| 040 | _cRUA | ||
| 082 | _aAVM PHO 2012 B0100 Or.1 | ||
| 100 | _aPHOUNG PHANITH | ||
| 245 | _aSentinet flock surveillance of avian influenza a/h5n1 in prey veng province, (ការអង្កេតតាមដានឃ្លំាមើលជំងឺផ្ដាសយបក្សីប្រភេទ A/H5N1 លើហ្វូងទាក្នុងខេត្តព្រៃវែង) | ||
| 260 |
_aphnom penh _brua _c2012 |
||
| 300 |
_aix; 36p. _bill. _c29cm. |
||
| 856 | _uhttps://drive.google.com/file/d/1AwB9UHbzKgd7BmahEpQIRbB3aRQucE5p/view?usp=sharing | ||
| 942 | _cAVM | ||
| 999 |
_c2535 _d2535 |
||